[Event "Sachsen-Anhalt-ch op"]
[Site "Magdeburg"]
[Date "2022.10.31"]
[Round "5"]
[White "Tews, Steffen"]
[Black "Urban, Tom"]
[Result "1-0"]
[WhiteElo "1788"]
[BlackElo "1601"]
[PlyCount "43"]
[EventDate "2022.10.29"]
[EventType "swiss"]
[EventRounds "7"]
[EventCountry "GER"]
[SourceTitle "CBM 211 Extra"]
[Source "ChessBase"]
[SourceDate "2023.01.31"]
[SourceVersion "1"]
[SourceVersionDate "2023.01.31"]
[SourceQuality "1"]

1. d4 e6 2. g3 Nf6 3. Bg2 d5 4. Nf3 c5 5. 0-0 Nc6 6. c4 dxc4 7. Qa4 Bd7 8. Qxc4 cxd4 9. Nxd4 Rc8 10. Nc3 Nxd4 11. Qxd4 Bc5 12. Qh4 Bc6 13. Bg5 Bxg2 14. Kxg2 Qd4 15. e4 Be7 16. f3 0-0 17. Rad1 Qc4 18. Qf4 Nh5 19. Qc1 Bxg5 20. Qxg5 Rc5 21. Qd2 Rfc8 22. Qd8+ 1-0

[Event "Sachsen-Anhalt-ch op"]
[Site "Magdeburg"]
[Date "2022.10.30"]
[Round "3"]
[White "Urban, Tom"]
[Black "Voigt, Maik"]
[Result "1-0"]
[WhiteElo "1601"]
[BlackElo "1771"]
[PlyCount "81"]
[EventDate "2022.10.29"]
[EventType "swiss"]
[EventRounds "7"]
[EventCountry "GER"]
[SourceTitle "CBM 211 Extra"]
[Source "ChessBase"]
[SourceDate "2023.01.31"]
[SourceVersion "1"]
[SourceVersionDate "2023.01.31"]
[SourceQuality "1"]

1. e4 c5 2. Nc3 d6 3. f4 e6 4. Nf3 a6 5. d3 Nc6 6. g3 Nge7 7. Bg2 Rb8 8. 0-0 g6 9. Qe2 Bg7 10. Kh1 0-0 11. Nd1 Re8 12. Nf2 d5 13. e5 Nf5 14. c3 h5 15. Rg1 Nh6 16. Bh3 f5 17. Bf1 Kf7 18. Nh3 Rh8 19. Nhg5+ Ke7 20. Nh4 Qe8 21. b3 Kd8 22. Ba3 Bf8 23. Qf2 Ng4 24. Qd2 b6 25. h3 Nh6 26. Bg2 Ne7 27. d4 Nf7 28. Nxf7+ Qxf7 29. dxc5 Nc6 30. c4 Bxc5 31. Bxc5 bxc5 32. cxd5 Qd7 33. Rgd1 Nd4 34. dxe6 Qxe6 35. Qa5+ Qb6 36. Qxb6+ Rxb6 37. Rac1 Ke7 38. Rxc5 Rd8 39. Rc7+ Ke8 40. Rg7 Ne2 41. Rg8+ 1-0

[Event "Sachsen-Anhalt-ch op"]
[Site "Magdeburg"]
[Date "2021.10.29"]
[Round "4"]
[White "Urban, Tom"]
[Black "Roether, Tobias"]
[Result "1-0"]
[WhiteElo "1577"]
[BlackElo "1058"]
[PlyCount "63"]
[EventDate "2021.10.28"]
[EventType "swiss"]
[EventRounds "7"]
[EventCountry "GER"]
[SourceTitle "CBM 205 Extra"]
[Source "ChessBase"]
[SourceDate "2022.01.31"]
[SourceVersion "1"]
[SourceVersionDate "2022.01.31"]
[SourceQuality "1"]

1. e4 d6 2. d4 Nf6 3. Bd3 g6 4. Ne2 Bg7 5. h3 0-0 6. 0-0 e5 7. c3 Re8 8. dxe5 dxe5 9. Qc2 Be6 10. Be3 Nbd7 11. Nd2 Qe7 12. Nf3 Rad8 13. Ng5 Nc5 14. Nxe6 Nxe6 15. Ng3 Qd7 16. Rad1 Qc6 17. Qb3 a6 18. Bc4 Nxe4 19. Bd5 Rxd5 20. Qxd5 Qxd5 21. Rxd5 Nxg3 22. fxg3 Rf8 23. Rd7 f5 24. Re7 Rf6 25. h4 h6 26. Rd1 Bf8 27. Red7 f4 28. gxf4 exf4 29. Bf2 Bd6 30. R1xd6 cxd6 31. Rxd6 Kg7 32. Rb6 1-0